000 00453nam a2200181Ia 4500
003 GCL
008 140319s9999 xx 000 0 eng d
040 _aGCL /
_cGCL
082 0 4 _a301.092
_bP D
100 1 _aPARKIN, FRANK
245 1 0 _aDURKHEIM /
_cPARKIN, FRANK
260 _a[S.N] :
_bOXFORD UNIVERSITY PRESS ،
_c1992
300 _a90 P
650 0 4 _aBIOGRAPHY
650 0 4 _aSOCIOLOGY - FRANCE
650 0 4 _aDURKHEIM, EMAILE
942 _2ddc
_cBK
999 _c11750
_d11750